01163nam a2200277 a 450000100060000000300090000600800410001504000280005608200130008411000780009724500420017526000560021730000100027359000190028365000370030265000310033965000370037065000290040765000490043665000580048565000380054394200120058199900170059395201390061095201360074910581CO-ViMGA141112s2004 ck r 000 u spa d aCO-ViMGAbspacCO-ViMGA04a327 C85c aCumbre de Jefes de Estado o de Gobierno de los Paises no Alineados91434810aCartagena 95 : bDocumentos Básicos aCartagena : bPresidencia de la República, c1995 a333p. aEjemplares : 214aARBITRAJE INTERNACIONALES91434914aASISTENTE ECONOMICA91435014aCOOPERACION INTERNACIONAL91435114aDESARROLLO SOCIAL91435214aJEFES DE ESTADO - PAISES NO ALINEADOS91435314aPAISES NO ALINEADOS - CONGRESOS - CONFERENCIAS91435414aRELACIONES INTERNACIONALES951501 2ddccBK c21889d21889 00102ddc40708002aMEVIECARbMEVIECARd2015-12-04h25/sep/2013l0o327 C85c p10251 - 1r2015-12-04 00:00:00tEj. 1w2015-12-04yBK 00102ddc40708002aMEVIECARbMEVIECARd2015-12-04h11/jun/2009l0o327 C85c p102512r2015-12-04 00:00:00tEj. 2w2015-12-04yBK